00493nam a2200157Ia 4500003000400000008004100004040001600045082001800061100003200079245013400111700002200245300001000267490000500277650001500282650003800297GCL140319s9999 xx 000 0 ara d aGCL / cGCL04a808.84bا ا1 aابراهيم العربى10aانحلال وسقوط هوليود (هدية من الاديب عفبدالفتاح الجمل) / cابراهيم العربى1 aجودمان، ا a78 ص a04aالادب04aالمقالات - مجموعات